书目信息 |
| 题名: |
经籍籑诂
|
|
| 作者: | 阮元 编 | |
| 分册: | ||
| 出版信息: | 上海 上海古籍出版社 1989 |
|
| 页数: | 1032,160,111,91页 | |
| 开本: | 26cm | |
| 丛书名: | ||
| 单 册: | ||
| 中图分类: | H131.7 | |
| 科图分类: | ||
| 主题词: | 汉语--语义 , 汉语--语义学 , 汉语--词汇 , 训诂 | |
| 电子资源: | ||
| ISBN: | 7-5325-0008-X | |
| 000 | 00620nam0 2200229 450 | |
| 001 | 0655301281 | |
| 005 | 20061102152357.76 | |
| 010 | @a7-5325-0008-X@b精装@dCNY55.70 | |
| 100 | @a20061102d1989 km y0chiy0120 ea | |
| 101 | 0 | @achi |
| 102 | @aCN@b310000 | |
| 200 | 1 | @a经籍籑诂@Ajing ji zhuan gu@f(清)阮元编@F(qing)ruan yuan bian |
| 210 | @a上海@c上海古籍出版社@d1989 | |
| 215 | @a1032,160,111,91页@d26cm | |
| 606 | 0 | @a汉语@x语义 |
| 606 | 0 | @a汉语@x语义学 |
| 606 | 0 | @a汉语@x词汇 |
| 606 | 0 | @a训诂 |
| 690 | @aH131.7@v3 | |
| 701 | 0 | @a阮元@Aruan yuan@4编 |
| 801 | 0 | @aCN@bPFT@c20061102 |
| 905 | @a10447@dH131.7@e161 | |
| 经籍籑诂/(清)阮元编.-上海:上海古籍出版社,1989 |
| 1032,160,111,91页;26cm |
| ISBN 7-5325-0008-X(精装):CNY55.70 |
| ● |
| 相关链接 |
|
|
|
|
正题名:经籍籑诂
索取号:H131.7/161
 
预约/预借
| 序号 | 登录号 | 条形码 | 馆藏地/架位号 | 状态 | 备注 |
| 1 | 0227021 | 202074575 | 第二样本阅览室/ [索取号:H131.7/161] | 在馆 |